Inverse scattering and applications : proceedings of a conference on inverse scattering on the Line held June 7-13, 1990 at the University of Massachusetts, Amherst with support from the National Science Foundation, the National Security Agency, and the Office of Naval Research

Αποθηκεύτηκε σε:
Λεπτομέρειες βιβλιογραφικής εγγραφής
Συγγραφή απο Οργανισμό/Αρχή: AMS-IMS-SIAM Joint Summer Research Conference in the Mathematical Sciences on Inverse Scattering on the Line University of Massachusetts, Amherst
Άλλοι συγγραφείς: Sattinger, David H. (Επιμελητής έκδοσης), Tracy, C. A. (Craig Arnold) (Επιμελητής έκδοσης), Venakides, S. (Stephanos) (Επιμελητής έκδοσης)
Μορφή: Πρακτικό Συνεδρίου Βιβλίο
Γλώσσα:English
Δημοσίευση: Providence, Rhode island : American Mathematical Society, c1991
Σειρά:Contemporary mathematics (American Mathematical Society) ; ; 122
Θέματα:
Ετικέτες: Προσθήκη ετικέτας
Δεν υπάρχουν, Καταχωρήστε ετικέτα πρώτοι!

MARC

LEADER 00000cam a2200000 i 4500
001 1/91577
008 991027s1991 eng d
020 |a 0821851292 
035 |l 10053661 
040 |a GR-MY-UA  |b gre  |e aacr 
041 0 |a eng 
082 0 |a 515.353 
111 2 |a AMS-IMS-SIAM Joint Summer Research Conference in the Mathematical Sciences on Inverse Scattering on the Line   |d (1990 :   |c University of Massachusetts, Amherst) 
245 1 0 |a Inverse scattering and applications :  |b proceedings of a conference on inverse scattering on the Line held June 7-13, 1990 at the University of Massachusetts, Amherst with support from the National Science Foundation, the National Security Agency, and the Office of Naval Research /  |c D. H. Sattinger, C. A. Tracy, S. Venakides, editors 
260 |a Providence, Rhode island :   |b American Mathematical Society,   |c c1991 
300 |a xiii, 133 p.;  |b ill.;  |c 26 cm. 
490 1 |a Contemporary mathematics  |v ; 122 
500 |a Includes bibliographical references 
650 0 0 |a Inverse problems (Differential equations)  |x Congresses. 
650 0 0 |a Scattering (Mathematics)  |x Congresses. 
700 1 |a Sattinger, David H.  |e edt 
700 1 |a Tracy, C. A.   |q (Craig Arnold)  |e edt 
700 1 |a Venakides, S.   |q (Stephanos)  |e edt 
830 0 |a Contemporary mathematics (American Mathematical Society) ;  |v ; 122 
852 |a INST  |b SAMOS  |e 19991027  |h 515.353 AMS  |p 005300012405  |q 005300012405  |t BK  |y 0 
901 |a BIBL3-1999-3 
909 |a Σ  |b 063397 
922 |a 3ΕΛΗ  |b 199907  |c ΕΠΕΑΕΚ/ΜΑΘ  |d ΠΑΠΑΣΩΤΗΡΙΟΥ 
970 |a ΓΕΝΟΥΖΟΥ  |b ΧΡΥΣΑΝΘΗ  |z 1999/10/27